[Event "Titled Tuesday intern op 17th Aug"]
[Site "Chess.com INT"]
[Date "2021.08.17"]
[Round "9"]
[White "Barrionuevo, Pablo"]
[Black "Kalghatgi, Nikhil"]
[Result "0-1"]
[WhiteElo "2259"]
[BlackElo "1987"]
[PlyCount "46"]
[EventDate "2021.08.17"]
[EventType "swiss (blitz)"]
[EventRounds "11"]
[EventCountry "USA"]
[SourceTitle "EXT 2022"]
[Source "ChessBase"]
[SourceDate "2021.10.06"]
[SourceVersion "1"]
[SourceVersionDate "2021.10.06"]
[SourceQuality "1"]

1. d4 Nf6 2. c4 g6 3. Nc3 Bg7 4. e4 0-0 5. f4 d6 6. Nf3 Bg4 7. Be3 Nbd7 8. e5 Ne8 9. h3 Bxf3 10. Qxf3 c5 11. dxc5 dxe5 12. f5 Nef6 13. 0-0-0 Qa5 14. g4 Nxc5 15. g5 e4 16. Qf2 Nfd7 17. Bd4 Bxd4 18. Rxd4 Ne5 19. Rd5 Ncd3+ 20. Bxd3 Qxd5 21. Nxd5 Nxd3+ 22. Kd2 Nxf2 23. Nxe7+ Kh8 0-1

[Event "Titled Tuesday intern op 17th Aug"]
[Site "Chess.com INT"]
[Date "2021.08.17"]
[Round "2"]
[White "Kalghatgi, Nikhil"]
[Black "Bogumil, Tatiana"]
[Result "0-1"]
[WhiteElo "1987"]
[BlackElo "2182"]
[PlyCount "70"]
[EventDate "2021.08.17"]
[EventType "swiss (blitz)"]
[EventRounds "11"]
[EventCountry "USA"]
[SourceTitle "EXT 2022"]
[Source "ChessBase"]
[SourceDate "2021.10.06"]
[SourceVersion "1"]
[SourceVersionDate "2021.10.06"]
[SourceQuality "1"]

1. d4 b6 2. c4 Bb7 3. Nc3 e6 4. e4 Bb4 5. f3 f5 6. Qd3 Nh6 7. Nge2 fxe4 8. fxe4 Qh4+ 9. Ng3 0-0 10. Bxh6 Qxh6 11. Be2 Nc6 12. Bf3 e5 13. d5 Nd4 14. 0-0 Rf4 15. Nce2 Rh4 16. h3 Rf8 17. Nxd4 exd4 18. Nf5 Rxf5 19. exf5 Qg5 20. a3 Bd6 21. Be4 Ba6 22. b3 b5 23. Rf3 bxc4 24. bxc4 h5 25. Qxd4 Rf4 26. Raf1 Rxf3 27. Rxf3 Qc1+ 28. Rf1 Qxa3 29. f6 Bc5 30. f7+ Kf8 31. Qxc5+ Qxc5+ 32. Kh2 Bxc4 33. Re1 Bxd5 34. Bg6 Bxf7 35. Rf1 Qd6+ 0-1

[Event "Titled Tuesday intern op 17th Aug"]
[Site "Chess.com INT"]
[Date "2021.08.17"]
[Round "3"]
[White "Zaichenko, Daria"]
[Black "Kalghatgi, Nikhil"]
[Result "1/2-1/2"]
[WhiteElo "2104"]
[BlackElo "1987"]
[PlyCount "104"]
[EventDate "2021.08.17"]
[EventType "swiss (blitz)"]
[EventRounds "11"]
[EventCountry "USA"]
[SourceTitle "EXT 2022"]
[Source "ChessBase"]
[SourceDate "2021.10.06"]
[SourceVersion "1"]
[SourceVersionDate "2021.10.06"]
[SourceQuality "1"]

1. e4 c6 2. d4 d5 3. Nc3 dxe4 4. Nxe4 Bf5 5. Ng3 Bg6 6. h4 h6 7. Nf3 e6 8. h5 Bh7 9. Bd3 Bxd3 10. Qxd3 Nd7 11. Bd2 Ngf6 12. 0-0-0 Be7 13. Kb1 Qc7 14. Ne4 Nxe4 15. Qxe4 Nf6 16. Qe2 0-0-0 17. c4 c5 18. Bc3 cxd4 19. Nxd4 a6 20. Rc1 Qf4 21. Rhd1 Bc5 22. Nxe6 Qf5+ 23. Ka1 Qxe6 24. Qf3 Rxd1 25. Rxd1 Kb8 26. Qg3+ Ka7 27. Qxg7 Rg8 28. Qxf6 Qxf6 29. Bxf6 Rxg2 30. a3 Bxf2 31. Ka2 Be3 32. Rd7 Rh2 33. Rxf7 Rxh5 34. b4 a5 35. Kb3 Rh3 36. Ka4 axb4 37. axb4 Rh1 38. c5 Ra1+ 39. Kb3 Ka6 40. Bd8 Rb1+ 41. Kc4 Rc1+ 42. Kd3 Bg5 43. Ba5 Rd1+ 44. Kc4 Rc1+ 45. Kb3 Rb1+ 46. Kc4 Rc1+ 47. Kb3 Ra1 48. Rg7 Rb1+ 49. Kc4 Rc1+ 50. Kb3 Rb1+ 51. Kc4 Rc1+ 52. Kb3 Rb1+ 1/2-1/2

[Event "Titled Tuesday intern op 10th Aug"]
[Site "Chess.com INT"]
[Date "2021.08.10"]
[Round "4"]
[White "Kalghatgi, Nikhil"]
[Black "Wernberg, Hugo"]
[Result "1-0"]
[WhiteElo "1987"]
[BlackElo "2268"]
[PlyCount "167"]
[EventDate "2021.08.10"]
[EventType "swiss (blitz)"]
[EventRounds "11"]
[EventCountry "USA"]
[SourceTitle "CBM 203 Extra"]
[Source "ChessBase"]
[SourceDate "2021.09.30"]
[SourceVersion "1"]
[SourceVersionDate "2021.09.30"]
[SourceQuality "1"]

1. d4 d5 2. c4 e6 3. Nc3 c6 4. Nf3 dxc4 5. a4 Bb4 6. e3 b5 7. axb5 cxb5 8. Bd2 Bxc3 9. Bxc3 a5 10. b3 Bb7 11. bxc4 b4 12. Bb2 Nf6 13. c5 0-0 14. Bb5 Bc6 15. Ba4 Qe8 16. 0-0 Bxa4 17. Rxa4 Qb5 18. Ne5 Nc6 19. Nxc6 Qxc6 20. Qb3 Qb5 21. Rfa1 Ne4 22. f3 Nd2 23. Qd1 Nc4 24. Qc1 Rfb8 25. Kh1 h5 26. h3 h4 27. e4 Ra6 28. Qc2 Rba8 29. Bc1 e5 30. dxe5 Nxe5 31. Bf4 Nd3 32. Bd6 b3 33. Qc4 Qxc4 34. Rxc4 b2 35. Rb1 a4 36. c6 a3 37. Bxa3 Rxa3 38. Kh2 Ra1 39. Rxb2 Nxb2 40. Rc2 R1a7 41. Rxb2 Rc7 42. Rb5 Rac8 43. Rh5 Rxc6 44. Rxh4 Rg6 45. g4 Rgc6 46. Rh5 Rc2+ 47. Kg3 R2c6 48. Ra5 Rc5 49. Ra7 R5c7 50. Ra6 Rc3 51. h4 Rd3 52. Ra5 Rcc3 53. Rf5 g6 54. Rf4 Kg7 55. g5 Ra3 56. Rf6 Rd2 57. h5 Raa2 58. h6+ Kg8 59. Rb6 Ra8 60. Rb7 Rf8 61. Kg4 Rd6 62. Ra7 f6 63. Rg7+ Kh8 64. Rxg6 Ra6 65. f4 f5+ 66. exf5 Ra1 67. Ra6 Rg1+ 68. Kh5 Rg8 69. g6 Rh1+ 70. Kg5 Rg1+ 71. Kf6 Rf8+ 72. Ke7 Rg8 73. Ra7 Re1+ 74. Kf6 Rf8+ 75. Rf7 Ree8 76. g7+ Kg8 77. gxf8Q+ Rxf8 78. Rxf8+ Kxf8 79. Kg6 Kg8 80. f6 Kf8 81. h7 Ke8 82. h8Q+ Kd7 83. Qg7+ Ke6 84. Qf7+ 1-0

[Event "USA-ch High School K12"]
[Site "Schaumburg"]
[Date "2019.03.17"]
[Round "7"]
[White "Balakrishnan, Praveen"]
[Black "Kalghatgi, Nikhil"]
[Result "1-0"]
[WhiteElo "2428"]
[BlackElo "1961"]
[PlyCount "57"]
[EventDate "2019.03.15"]
[EventType "swiss"]
[EventRounds "7"]
[EventCountry "USA"]
[SourceTitle "CBM 189 Extra"]
[Source "ChessBase"]
[SourceDate "2019.05.31"]
[SourceVersion "1"]
[SourceVersionDate "2019.05.31"]
[SourceQuality "1"]

1. e4 c5 2. Nf3 e6 3. d4 cxd4 4. Nxd4 a6 5. Bd3 Bc5 6. Nb3 Be7 7. Qg4 g6 8. Qe2 d6 9. 0-0 Nd7 10. Nc3 Qc7 11. Bd2 Ngf6 12. Bh6 Bf8 13. Qd2 Ng8 14. Bxf8 Kxf8 15. Be2 Ngf6 16. Rad1 Ke7 17. a4 Rd8 18. Qg5 h6 19. Qxh6 b6 20. Qg5 Bb7 21. f4 Kf8 22. e5 Ne8 23. Rd3 dxe5 24. Rh3 Nef6 25. fxe5 Ng8 26. Rxf7+ Kxf7 27. Rh7+ Kf8 28. Qf4+ Ngf6 29. Qh6+ 1-0